Party with the largest number of seats in the parliament (Europe) - Statistics

General Stats
  • This quiz has been taken 31 times
    6 since last reset
  • The average score is 16 of 44
Answer Stats
Country Answer % Correct
United Kingdom Labour Party
100%
Malta Partit Laburista (PL)
100%
Denmark Socialdemokratiet (S)
100%
Sweden Sveriges socialdemokratiska arbetareparti (SAP)
100%
Germany Christlich Demokratische Union Deutschlands (CDU)
80%
Croatia Hrvatska demokratska Zajednica (HDZ)
80%
Portugal Partido Social Democrata (PSD) / Partido Socialista (PS)
80%
Ukraine Sluha Narodu (SN)
80%
Estonia Eesti Reformierakond (RE)
60%
Poland Prawo i Sprawiedliwość (PiS)
60%
Turkey Adalet ve Kalkınma Partisi (AKP)
40%
Hungary Fidesz
40%
Italy Fratelli d'Italia (FdI)
40%
Albania Partia Socialiste e Shqipërisë (PS)
40%
Romania Partidul Social Democrat (PSD)
40%
France Rassemblement National (RN)
40%
Switzerland Schweizerische Volkspartei (SVP)
40%
Latvia Vienotība (V)
40%
Russia Yedinaya Rossiya
40%
Czechia ANO 2011
20%
Norway Arbeiderpartiet (A-Ap)
20%
Belarus Belaya Rus
20%
Luxembourg Chrëschtlech-Sozial Vollekspartei (CSV)
20%
Cyprus Dimokratikós Sinagermós (DISY)
20%
Ireland Fianna Fáil (FF)
20%
Austria Freiheitliche Partei Österreichs (FPÖ)
20%
Bulgaria GERB–SDS
20%
Armenia K’aghak’atsiakan Paymanagir (KP)
20%
Finland Kansallinen Kokoomus (Kok)
20%
Georgia Kartuli Otsneba (KO)
20%
Lithuania Lietuvos socialdemokratų partija (LSDP)
20%
Greece Néa Dimokratía (ND)
20%
Belgium Nieuw-Vlaamse Alliantie (N-VA)
20%
Spain Partido Popular (PP)
20%
Moldova Partidul Acțiune și Solidaritate (PAS)
20%
Netherlands Partij voor de Vrijheid (PVV)
20%
Montenegro Pokret Evropa Sad! (PES!)
20%
Slovakia Smer
20%
Serbia Srpska Napredna Stranka (SNS)
20%
North Macedonia VMRO-DPMNE
20%
Azerbaijan Yeni Azərbaycan Partiyası (YAP)
20%
Slovenia Gibanje Svoboda (GS)
0%
Iceland Samfylkingin
0%
Bosnia and Herzegovina Stranka Demokratske Akcije (SDA)
0%
No matching quizzes found
Score Distribution
Percent of People with Each Score
Percentile by Number Answered
Your Score History
You have not taken this quiz since the last reset